000 00412nam a2200169Ia 4500
003 GCL
008 140319s9999 xx 000 0 eng d
040 _aGCL /
_cGCL
082 0 4 _a843
_bH N
100 1 _aHUGO, VICTOR
245 1 0 _aNOTRE-DAME DE- PARIS /
_cHUGO, VICTOR
260 _a[S.N] :
_bLAROUSSE ،
_c1989
300 _a604 P
650 0 4 _aLITERATURE
650 0 4 _aFRENCH LITERATURE
942 _2ddc
_cBK
999 _c24854
_d24854